000 00397 a2200169 4500
001 169190
020 _a85-357-0714-X
040 _cMagnum
100 _aCereja, William Roberto
240 1 0 _aPortuguês: linguagens 6
_lpor
245 1 0 _aPortuguês: linguagens 6
300 _a240
362 0 _a2006
440 1 _aAtual
697 _aLÍNGUA, TEORIA DA LITERATURA E GRAMÁTICA
942 _cBK
999 _c169190
_d169190